| 000 | 00865nam a2200277Ia 4500 | ||
|---|---|---|---|
| 008 | 170711s9999 xx 000 0 und d | ||
| 020 | _a9781599218502 | ||
| 050 | _a332 | ||
| 050 | _bS214 2009 | ||
| 100 | _aSander, Peter | ||
| 245 | _a573 ways to save money : | ||
| 245 | _bsave the cost of this book many times over in less than a day! / | ||
| 245 | _cby Peter Sander and Jennifer Sander. | ||
| 260 | _aGuilford, Connecticut : | ||
| 260 | _bLyons Press, | ||
| 260 | _c2009 | ||
| 300 | _a289 pages : | ||
| 300 | _billustrations ; | ||
| 300 | _c21cm. | ||
| 500 | _aIncludes index. | ||
| 650 | _aFinace, Personal. | ||
| 650 | _aSaving and investment. | ||
| 700 | _aSander, Jennifer. | ||
| 700 | _aTitle : Five hundred and seventy three ways to save money : save the cost of this book many times over in less than a day!. | ||
| 700 | _aTitle. | ||
| 999 |
_c339892 _d339892 |
||